000 00320nam a22001337a 4500
008 170526b xxu||||| |||| 00| 0 eng d
020 _a0262130629
041 _aeng
080 _a621.3
100 _a25
101 _aIM
245 _aSTATISTICAL FLUID MECHANICS: MECHANICS OF TURBULENCE
_cMONIN, A.S
942 _2udc
_cBK
999 _c14419
_d14419